| 000 | 01083nam a2200349 c 4500 | ||
|---|---|---|---|
| 999 |
_c51030 _d51030 |
||
| 001 | 51030 | ||
| 003 | ES-MaCES | ||
| 005 | 20181112125504.0 | ||
| 008 | 181112s2018 sp | 000 | spa d | ||
| 017 |
_aAB 513-2018 _bDL |
||
| 020 | _a9788417310387 | ||
| 040 |
_aES-MaCES _bspa _cES-MaCES |
||
| 100 | 1 |
_918830 _aMonereo Pérez, José Luis |
|
| 245 | 1 | 3 |
_aLa renta mínima garantizada _b: de la renta mínima a la renta básica _cJosé Luis Monereo Pérez |
| 250 | _a1ª ed | ||
| 260 |
_aAlbacete _bBomarzo _c2018 |
||
| 300 |
_a120 p. _c21 cm |
||
| 490 | 1 |
_aTextos de intervención _v22 |
|
| 541 | _cCompra | ||
| 650 | 7 |
_apobreza _927112 |
|
| 650 | 7 |
_aexclusión social _930629 |
|
| 650 | 7 |
_aingreso garantizado _929342 |
|
| 650 | 7 |
_aasistencia social _929003 |
|
| 650 | 7 |
_adistribución del ingreso _927109 |
|
| 650 | 7 |
_aprotección social _929076 |
|
| 650 | 7 |
_alegislación de seguridad social _929855 |
|
| 650 | 7 |
_aEspaña _926964 |
|
| 653 | 1 | 0 | _aSeguridad Social |
| 830 | 0 |
_aTextos de intervención _v22 _934451 |
|
| 902 | _aLIB Libro | ||
| 942 |
_2CES _cBK _h3.0. |
||